书目信息 |
| 题名: |
红酒养生
|
|
| 作者: | 叶福成 主编 | |
| 分册: | ||
| 出版信息: | 青岛 青岛出版社 2015 |
|
| 页数: | 189页 | |
| 开本: | 25cm | |
| 丛书名: | ||
| 单 册: | ||
| 中图分类: | TS262.61 | |
| 科图分类: | ||
| 主题词: | 葡萄酒--基本知识 , 葡萄酒--食物养生 | |
| 电子资源: | ||
| ISBN: | 978-7-5552-1206-5 | |
| 000 | 00811nam0 2200253 450 | |
| 001 | 012015000237 | |
| 005 | 20151130142627.32 | |
| 010 | @a978-7-5552-1206-5@dCNY39.80 | |
| 100 | @a20150310d2015 em y0chiy50 ea | |
| 101 | 0 | @achi |
| 102 | @aCN@b370000 | |
| 105 | @aa z 000yy | |
| 106 | @ar | |
| 200 | 1 | @a红酒养生@Ahong jiu yang sheng@e解读红酒的健康密码@f叶福成主编 |
| 210 | @a青岛@c青岛出版社@d2015 | |
| 215 | @a189页@c彩图@d25cm | |
| 330 | @a本书主要介绍红酒的历史文化、红酒的种类及酿造方法、红酒的品牌和产地、红酒的营养成分、红酒的养生功效及如何品味红酒等内容。 | |
| 517 | 1 | @a解读红酒的健康密码 |
| 606 | 0 | @a葡萄酒@x基本知识 |
| 606 | 0 | @a葡萄酒@x食物养生 |
| 690 | @aTS262.61@v5 | |
| 701 | 0 | @a叶福成@Aye fu cheng@4主编 |
| 801 | 0 | @aCN@b碧洲教育@c20151127 |
| 905 | @a10447@f4@dTS262.61@e187 | |
| 红酒养生:解读红酒的健康密码/叶福成主编.-青岛:青岛出版社,2015 |
| 189页:彩图;25cm |
| ISBN 978-7-5552-1206-5:CNY39.80 |
| 本书主要介绍红酒的历史文化、红酒的种类及酿造方法、红酒的品牌和产地、红酒的营养成分、红酒的养生功效及如何品味红酒等内容。 |
| ● |
| 相关链接 |
|
|
|
|
正题名:红酒养生
索取号:TS262.61/187
 
预约/预借
| 序号 | 登录号 | 条形码 | 馆藏地/架位号 | 状态 | 备注 |
| 1 | 0871403 | 208714033 | 第二样本阅览室/ [索取号:TS262.61/187] | 在馆 | |
| 2 | 0871404 | 208714042 | 第三借阅区/ [索取号:TS262.61/187] | 在馆 | |
| 3 | 0871405 | 208714051 | 第三借阅区/ [索取号:TS262.61/187] | 在馆 | |
| 4 | 0871406 | 208714060 | 第三借阅区/ [索取号:TS262.61/187] | 在馆 |